| Tag |
First Indicator |
Second Indicator |
Subfields |
| LEADER |
00000cam a2200000 4500 |
| 001 |
in00000022651 |
| 005 |
20151007064101.0 |
| 008 |
760816s1955 mx 00001 spa |
| 010 |
|
|
|a 57047797
|
| 035 |
|
|
|a (OCoLC)02377183
|
| 035 |
|
|
|a AAD9007AM
|
| 040 |
|
|
|a DLC
|c TXU
|d TXA
|d UtOrBLW
|
| 049 |
|
|
|a TXAM
|c [284545]
|
| 050 |
0 |
0 |
|a PQ7797.L88
|b I6 1955
|
| 092 |
|
|
|a 863
|b L987i
|
| 100 |
1 |
|
|a Lynch, Benito,
|d 1880-1951.
|
| 245 |
1 |
3 |
|a El ingles de los guesos :
|b novela /
|c Con prologo de Xavier Dacal.
|
| 264 |
|
1 |
|a Mexico,
|b [publisher not identified] ;
|c 1955.
|
| 300 |
|
|
|a 205 pages ;
|c 18 cm.
|
| 336 |
|
|
|a text
|b txt
|2 rdacontent
|
| 337 |
|
|
|a unmediated
|b n
|2 rdamedia
|
| 338 |
|
|
|a volume
|b nc
|2 rdacarrier
|
| 999 |
|
|
|a MARS
|
| 999 |
f |
f |
|s bc17f75f-8d30-36bc-a005-fdf6e58c9d24
|i 332eaf21-3705-30c7-8069-82af4e86d961
|t 0
|
| 952 |
f |
f |
|p ric
|a Texas A&M University
|b Rellis Campus
|c Joint Library Facility
|d Remote Storage
|t 0
|e PQ7797.L88 I6 1955
|h Library of Congress classification
|i unmediated -- volume
|m A14801384828
|
| 998 |
f |
f |
|a PQ7797.L88 I6 1955
|t 0
|l Remote Storage
|